Basic draughting practice (Record no. 35522)

MARC details
000 -LEADER
fixed length control field 00519nam a2200157 a 4500
008 - FIXED-LENGTH DATA ELEMENTS--GENERAL INFORMATION
fixed length control field 120416s0000 ||||||||||||||||| || u
020 ## - INTERNATIONAL STANDARD BOOK NUMBER
International Standard Book Number 0177610069
050 ## - LIBRARY OF CONGRESS CALL NUMBER
Classification number REF T 353 Tho
100 ## - MAIN ENTRY--PERSONAL NAME
Personal name Thomson, R
245 10 - TITLE STATEMENT
Title Basic draughting practice
246 ## - VARYING FORM OF TITLE
Title proper/short title an instructional manual and reference book
260 ## - PUBLICATION, DISTRIBUTION, ETC.
Place of publication, distribution, etc. London
Name of publisher, distributor, etc. Nelson
Date of publication, distribution, etc. 1969
300 ## - PHYSICAL DESCRIPTION
Extent 96p. : ill.
350 ## - PRICE (NR) (BK AM CF MU VM SE) [OBSOLETE]
Price 0.00
995 ## - RECOMMENDATION 995 [LOCAL, UNIMARC FRANCE]
-- 0.00
-- CBU-MAIN LIBRARY (Kitwe)
-- 1
-- 2.00
-- 1
-- DAMAGED
-- Reference Collection
Holdings
Withdrawn status Lost status Source of classification or shelving scheme Damaged status Not for loan Home library Current library Shelving location Date acquired Total Checkouts Full call number Barcode Date last seen Price effective from Koha item type
          CBU-MAIN LIBRARY, KITWE. CBU-MAIN LIBRARY, KITWE.   11/30/2022   REF T 353 Tho 023127 11/30/2022 11/30/2022 MONOGRAPH